Zákon o cestovných náhradách

Zákon č.119/1992 Zb. o cestovných náhradách v znení neskorších predpisov.. Poskytnutie náhrad výdavkov pri pracovných cestách a pri pridelení výkonu práce v zahraničí. Dôvodová správa.

Gespeichert in:
Bibliographische Detailangaben
Format: Buchkapitel
Sprache:Slowakisch
Schlagworte:
Tags: Tag hinzufügen
Keine Tags, Fügen Sie das erste Tag hinzu!

MARC

LEADER 00000naa a2200000 4500
001 r023147
005 20230912103735.9
041 0 |a slo 
044 |a SK 
245 1 0 |a Zákon o cestovných náhradách 
520 |a Zákon č.119/1992 Zb. o cestovných náhradách v znení neskorších predpisov.. Poskytnutie náhrad výdavkov pri pracovných cestách a pri pridelení výkonu práce v zahraničí. Dôvodová správa. 
610 2 0 |a zákony 
610 2 0 |a Slovensko 
610 2 0 |a 1992-1996 
610 2 0 |a náhrada cestovného 
610 2 0 |a komentáre